000 00395nam a2200157Ia 4500
008 230524s9999 xx 000 0 und d
082 _a621.382
_bKAS
100 _aS.O.Kasap
245 0 _aPrinciples of Electronic Materials and Devices
250 _a2ND
260 _aNEW DELHI
_bMc Graw Hill
_c2002
300 _a745
500 _aQuantity Number: 2
650 _aElectronics
942 _cBK
999 _c20961
_d20961